LEADER 01333nam a2200313 i 4500 001 991001334809707536 005 20020507124527.0 008 991006s1993 it ||| | ita 020 $a8814040168$c50000 035 $ab10206280-39ule_inst 035 $aLE02984041$9ExL 040 $aISUFI - Sett. Diritti e Politiche Euromediterranee$bita 082 0 $a346 100 1 $aMogini, Stefano$0405874 245 12$aL'affaire Perrier :$bla regolamentazione del mercato finanziario e la nuova disciplina delle offerte pubbliche in Francia :$bricerche e materiali di mercato /$cStefano Mogini, Alessandro Munari 260 $aMilano :$bGiuffrè,$c1993 300 $axvi, 434 p. ;$c25 cm 490 0 $aQuaderni di Giurisprudenza commerciale ;$v139 500 $aSegue: Appendici 650 4$aAffaire Perrier 650 4$aMercati finanziari - Regolamentazione$zFrancia 650 4$aOfferte pubbliche - Mercati finanziari$zFrancia 700 1 $aMunari, Alessandro$eauthor$4http://id.loc.gov/vocabulary/relators/aut$0229564 907 $a.b10206280$b17-02-17$c27-06-02 912 $a991001334809707536 945 $aLE029 346 QGC 139$g1$iLE029-0109$lle029$o-$pE0.00$q-$rn$so $t0$u0$v0$w0$x0$y.i10254559$z27-06-02 996 $aAffaire Perrier$9575411 997 $aUNISALENTO 998 $ale029$b01-01-99$cm$da $e-$fita$git $h2$i1 LEADER 02449oam 2200577M 450 001 9910715516203321 005 20191121064220.4 035 $a(CKB)5470000002512896 035 $a(OCoLC)1065567335 035 $a(OCoLC)995470000002512896 035 $a(EXLCZ)995470000002512896 100 $a20070221d1839 ua 0 101 0 $aeng 135 $aurcn||||||||| 181 $ctxt$2rdacontent 182 $cc$2rdamedia 183 $acr$2rdacarrier 200 10$aEmigrating Seminole Indians. Message from the President of the United States, transmitting a report from the Secretary of War in relation to the Seminole Indians who have lately emigrated to the West. January 17, 1839. Referred to the Committee on Indian Affairs 210 1$a[Washington, D.C.] :$c[publisher not identified],$d1839. 215 $a1 online resource (3 pages) 225 1 $aHouse document / 25th Congress, 3rd session. House ;$vno. 93 225 1 $a[United States congressional serial set ] ;$v[serial no. 346] 300 $aBatch processed record: Metadata reviewed, not verified. Some fields updated by batch processes. 300 $aFDLP item number not assigned. 606 $aBudget 606 $aIndian Removal, 1813-1903 606 $aIndian Removal, 1813-1903, in art 606 $aIndian reservations 606 $aIndians$vTreaties 606 $aIndians of North America$xGovernment relations 606 $aIndians 607 $aUnited States$xAppropriations and expenditures 608 $aLegislative materials.$2lcgft 615 0$aBudget. 615 0$aIndian Removal, 1813-1903. 615 0$aIndian Removal, 1813-1903, in art. 615 0$aIndian reservations. 615 0$aIndians 615 0$aIndians of North America$xGovernment relations. 615 0$aIndians. 701 $aVan Buren$b Martin$f1782-1862.$01386907 712 02$aUnited States.$bPresident (1837-1841 : Van Buren) 712 02$aUnited States.$bWar Department.$bOffice of Indian Affairs (1824-1849) 801 0$bWYU 801 1$bWYU 801 2$bOCLCO 801 2$bOCLCQ 906 $aBOOK 912 $a9910715516203321 996 $aEmigrating Seminole Indians. Message from the President of the United States, transmitting a report from the Secretary of War in relation to the Seminole Indians who have lately emigrated to the West. January 17, 1839. Referred to the Committee on Indian Affairs$93462590 997 $aUNINA